HOLE'S HUMAN ANATOMY & PHYSIOLOGY (Record no. 60239)

MARC details
000 -LEADER
fixed length control field 00555nam a2200205Ia 4500
003 - CONTROL NUMBER IDENTIFIER
control field OSt
005 - DATE AND TIME OF LATEST TRANSACTION
control field 20260211155848.0
020 ## - INTERNATIONAL STANDARD BOOK NUMBER
International Standard Book Number 0-07027246-8
040 ## - CATALOGING SOURCE
Transcribing agency LC
050 ## - LIBRARY OF CONGRESS CALL NUMBER
Classification number QP 34.5 .H 63 2001
100 ## - MAIN ENTRY--PERSONAL NAME
Personal name SHIER, DAVID
245 #0 - TITLE STATEMENT
Title HOLE'S HUMAN ANATOMY & PHYSIOLOGY
250 ## - EDITION STATEMENT
Edition statement 9
260 ## - PUBLICATION, DISTRIBUTION, ETC.
Place of publication, distribution, etc. BOSTON,
Name of publisher, distributor, etc. McGRAW-HILL HIGHER EDUCATION,
Date of publication, distribution, etc. 2001,
300 ## - PHYSICAL DESCRIPTION
Extent XXXVi, 1094 P, ILL
500 ## - GENERAL NOTE
General note INCLUDES BIBLIOGRAPHICAL REFERENCES AND INDEX
650 ## - SUBJECT ADDED ENTRY--TOPICAL TERM
Topical term or geographic name entry element Human physiology, Human anatomy
700 ## - ADDED ENTRY--PERSONAL NAME
Personal name BUTLER JACKIE, LEWIS RICKI
942 ## - ADDED ENTRY ELEMENTS (KOHA)
Koha item type Long Loan Book
Source of classification or shelving scheme Library of Congress Classification
Holdings
Withdrawn status Lost status Source of classification or shelving scheme Damaged status Not for loan Collection Home library Current library Shelving location Date acquired Inventory number Total checkouts Full call number Barcode Date last seen Copy number Price effective from Koha item type
    Library of Congress Classification     Medicine Kisii University Library Kisii University Library On Display 10/24/2023 26271   QP 34.5 .H63 2001 043877 10/24/2023 C.2 10/24/2023 Long Loan Book